| 000 | 00361nam a2200145Ia 4500 | ||
|---|---|---|---|
| 008 | 150201s1998 xx 000 0 und d | ||
| 082 |
_a610 _bE1998P |
||
| 100 | _aPRAMOD JOHN R. | ||
| 245 | _aESSENTIAL OF ORAL MEDICINE | ||
| 250 | _a1ST | ||
| 260 |
_bJAYPEE MEDICAL PUBLISHER _aDELHI _c1998 |
||
| 300 | _a1-214 | ||
| 650 | _aORAL MEDICINE | ||
| 942 |
_2ddc _cBK _01 |
||
| 999 |
_c2987 _d2987 |
||